Биохимия человека: учебное пособие для вузов

Detalles Bibliográficos
Autor Corporativo: Национальный исследовательский Томский политехнический университет (ТПУ)
Otros Autores: Капилевич Л. В. Леонид Владимирович, Дьякова Е. Ю. Елена Юрьевна, Кошельская Е. В. Елена Владимировна, Андреев В. И. Владимир Игоревич
Sumario:Серия «Университеты России» позволит высшим учебным заведениям нашей страны использовать в образовательном процессе учебники и учебные пособия по различным дисциплинам, подготовленные преподавателями лучших универси­тетов России и впервые опубликованные в издательствах университетов. Все пред­ставленные в этой серии учебники прошли экспертную оценку учебно-методического отдела издательства и публикуются в оригинальной редакции.В пособии излагаются основные сведения по биохимии спорта: задачи и методы данной науки, механизмы обмена веществ и энергии, роль отдельных компонентов пиши в обмене веществ. Особое внимание уделяется проблеме питания спортсменов. Отдельный раздел посвящен спортивной фармакологии — допингам и опасности их применения, а также препаратам, разрешенным к применению в спорте.Для студентов высших учебных заведений, обучающихся по педагогическим специ­альностям в области физической культуры и спорта.
Lenguaje:ruso
Publicado: Москва, Юрайт, 2016
Colección:Университеты России
Materias:
Formato: Libro
KOHA link:https://koha.lib.tpu.ru/cgi-bin/koha/opac-detail.pl?biblionumber=313171

MARC

LEADER 00000nam0a2200000 4500
001 313171
005 20231227114823.0
010 |a 9785991670616 
035 |a (RuTPU)RU\TPU\book\338555 
090 |a 313171 
100 |a 20160115d2016 m y0rusy50 ca 
101 0 |a rus 
102 |a RU 
105 |a a j 001zy 
200 1 |a Биохимия человека  |e учебное пособие для вузов  |f Л. В. Капилевич [и др.]  |g Национальный исследовательский Томский политехнический университет (ТПУ) 
210 |a Москва  |c Юрайт  |d 2016 
215 |a 151 с.  |c ил. 
225 1 |a Университеты России 
320 |a Библиогр.: с. 151. 
330 |a Серия «Университеты России» позволит высшим учебным заведениям нашей страны использовать в образовательном процессе учебники и учебные пособия по различным дисциплинам, подготовленные преподавателями лучших универси­тетов России и впервые опубликованные в издательствах университетов. Все пред­ставленные в этой серии учебники прошли экспертную оценку учебно-методического отдела издательства и публикуются в оригинальной редакции.В пособии излагаются основные сведения по биохимии спорта: задачи и методы данной науки, механизмы обмена веществ и энергии, роль отдельных компонентов пиши в обмене веществ. Особое внимание уделяется проблеме питания спортсменов. Отдельный раздел посвящен спортивной фармакологии — допингам и опасности их применения, а также препаратам, разрешенным к применению в спорте.Для студентов высших учебных заведений, обучающихся по педагогическим специ­альностям в области физической культуры и спорта. 
606 1 |a Физическая культура и спорт  |x Биохимия  |2 stltpush  |3 (RuTPU)RU\TPU\subj\63793  |9 80730 
610 1 |a биохимия 
610 1 |a человек 
610 1 |a спортсмены 
610 1 |a спортивная биохимия 
610 1 |a организм человека 
610 1 |a химический состав 
610 1 |a обмен веществ 
610 1 |a пищеварение 
610 1 |a метаболизм 
610 1 |a витамины 
610 1 |a гормоны 
610 1 |a кровь 
610 1 |a почки 
610 1 |a мышцы 
610 1 |a сокращение 
610 1 |a расслабление 
610 1 |a мышечная работа 
610 1 |a утомление 
610 1 |a восстанавливаемость 
610 1 |a питание 
610 1 |a спортивная фармакология 
610 1 |a лекарственные средства 
610 1 |a допинг 
610 1 |a допинговый контроль 
610 1 |a учебные пособия 
610 1 |a труды учёных ТПУ 
675 |a 796.012.1(075.8)  |v 4 
701 1 |a Капилевич  |b Л. В.  |c специалист в области физической культуры и спорта  |c профессор Томского политехнического университета, доктор медицинских наук  |f 1963-  |g Леонид Владимирович  |3 (RuTPU)RU\TPU\pers\24823  |9 11028 
701 1 |a Дьякова  |b Е. Ю.  |c специалист в области физической культуры и спорта  |c доцент Томского политехнического университета, кандидат медицинских наук  |f 1978-  |g Елена Юрьевна  |3 (RuTPU)RU\TPU\pers\29278 
701 1 |a Кошельская  |b Е. В.  |c специалист в области физической культуры и спорта  |c старший преподаватель Томского политехнического университета, кандидат медицинских наук  |f 1982-  |g Елена Владимировна  |3 (RuTPU)RU\TPU\pers\29279 
701 1 |a Андреев  |b В. И.  |c специалист в области физической культуры и спорта  |c профессор Томского политехнического университета, доктор педагогических наук  |f 1954-  |g Владимир Игоревич  |3 (RuTPU)RU\TPU\pers\24802  |9 11017 
712 0 2 |a Национальный исследовательский Томский политехнический университет (ТПУ)  |c (2009- )  |3 (RuTPU)RU\TPU\col\15902 
801 1 |a RU  |b 63413507  |c 20160115 
801 2 |a RU  |b 63413507  |c 20160316  |g RCR 
942 |c BK